Sports Quiz

Random Sports Quiz

Red Sox Or Yankees Or Both Quiz Stats

 Plays Quiz not verified by Sporcle

Challenge
Share
Tweet
Embed
Score 0/20 Timer 04:00
0 Plays Today
% Correct
???
100%
???
99.4%
???
98.8%
???
97%
???
97%
???
97%
???
97%
???
97%
???
97%
???
97%
% Correct
???
97%
???
97%
???
97%
???
97%
???
97%
???
97%
???
97%
???
97%
???
97%
???
97%

You're not logged in!

Compare scores with friends on all Sporcle quizzes.
Join for Free
OR
Log In

You Might Also Like...

Show Comments

Extras

Created Nov 27, 2011ReportFavoriteNominate
Tags:player, red, team

Top Quizzes Today


Score Distribution

Your Account Isn't Verified!

In order to create a playlist on Sporcle, you need to verify the email address you used during registration. Go to your Sporcle Settings to finish the process.

Report this User

Report this user for behavior that violates our Community Guidelines.

Details: